书目信息 |
| 题名: |
控制系统计算机辅助设计:MATLAB语言及应用
|
|
| 作者: | 薛定宇 著 | |
| 分册: | ||
| 出版信息: | 北京 清华大学出版社 1996.07 |
|
| 页数: | 375页 | |
| 开本: | 16开 | |
| 丛书名: | ||
| 单 册: | ||
| 中图分类: | ||
| 科图分类: | ||
| 主题词: | 自动化系统 | |
| 电子资源: | ||
| ISBN: | 7-302-02194-5 | |
| 000 | 00620nam0 2200205 45 | |
| 001 | 9912141536 | |
| 005 | 19991214155411.7 | |
| 010 | @a7-302-02194-5@d28.00元 | |
| 100 | @a19991214d1996 km y0chiy0120 ea | |
| 101 | @achi | |
| 105 | @a z 000yy | |
| 200 | 1 | @a控制系统计算机辅助设计:MATLAB语言及应用@AKong Zhi Xi Tong Ji Suan Ji Fu Zhu She Ji:MATLAB Yu Yan JiYing Yong@f薛定宇著@FXue Ding Yu Zhu |
| 210 | @a北京@c清华大学出版社@d1996.07 | |
| 215 | @a375页@d16开 | |
| 606 | 0 | @a自动化系统 |
| 690 | @v3 | |
| 690 | @aTP273 | |
| 701 | @a薛定宇@4著 | |
| 801 | @aCN@bPFTUser@c19991214 | |
| 905 | @f3@b47493-495@dTP273@eX910 | |
| 控制系统计算机辅助设计:MATLAB语言及应用/薛定宇著.-北京:清华大学出版社,1996.07 |
| 375页;16开 |
| ISBN 7-302-02194-5:28.00元 |
| ● |
| 相关链接 |
|
|
|
正题名:控制系统计算机辅助设计:MATLAB语言及应用
索取号:TP273/X910
 
预约/预借
| 序号 | 登录号 | 条形码 | 馆藏地/架位号 | 状态 | 备注 |
| 1 | 47493 | 200474931 | 自科二线404/301自科库 38排4列5层/ [索取号:TP273/X910] | 在馆 | |
| 2 | 47494 | 200474940 | 期刊室512/301自科库 38排4列5层/ [索取号:TP273/X910] | 在馆 | |
| 3 | 47495 | 200474959 | 期刊室512/301自科库 38排4列5层/ [索取号:TP273/X910] | 在馆 |